El viaje de los cantores

Պահպանված է:
Մատենագիտական մանրամասներ
Հիմնական հեղինակ: Salcedo, Hugo
Ձևաչափ: Գիրք
Լեզու:Undetermined
Հրապարակվել է: Madrid, España Ediciones Cultura Hispánica 1990
Խորագրեր:
Ցուցիչներ: Ավելացրեք ցուցիչ
Չկան պիտակներ, Եղեք առաջինը, ով նշում է այս գրառումը!

MARC

LEADER 00000nam a2200000Ia 4500
008 170316s9999 xx 000 0 und d
040 |a cru BVZT 
090 |a 860 S-5.1v 
100 |a Salcedo, Hugo 
245 |a El viaje de los cantores 
260 |a Madrid, España 
260 |b Ediciones Cultura Hispánica 
260 |c 1990 
300 |a 85 páginas 
650 |a LITERATURA LATINOAMERICANA 
650 |a TEXTO DRAMÁTICO EN UN ACTO 
650 |a OBRA DE TEATRO 
999 |c 9257  |d 9257 
942 |c 15 D  |h 860 S-5.1v  |2 z